000 00529nam a2200205Ia 4500
003 GCL
008 140319s9999 xx 000 0 eng d
040 _aGCL /
_cGCL
082 0 4 _a005.3
_bH B
100 1 _aHARPER, ERIC
245 1 0 _aBUILDING A WINDOWS NT INTERNET SERVER /
_cHARPER, ERIC
700 1 _aARNETT, MATT
260 _a[S.N] :
_bNEW RIDERS PUBLISHING ،
_c1995
300 _a222 P
650 0 4 _aشعر الحرب
650 0 4 _aCOMPUTER LANGUAGE
650 0 4 _aWINDOWS
650 0 4 _aINTERNET
942 _2ddc
_cBK
999 _c13741
_d13741